O desafio (Registo nº 1398)

Detalhes MARC
000 -Etiqueta do registo
Cabeçalho 00936nam0a2200265 4500
005 - Identificador da versão
Campo de controlo 20240822202708.0
010 ## - Número internacional normalizado dos livros (ISBN)
Número (ISBN) 9789722227759
021 ## - Número do Depósito Legal
Código do país PT
Número 271430/08
100 ## - Dados gerais de processamento
Dados gerais de processamento 20150601d2008 a y0pory5003 ba
101 1# - Língua de publicação
Língua do texto, banda sonora, etc. Português
Língua do documento no original Inglês
102 ## - Pais de publicação ou produção
País de publicação Portugal
200 1# - Titulo e menção de responsabilidade
Título próprio O desafio
Primeira menção de responsabilidade primeira parte é baseada no episódio escrito por Todd J. Greenwald, a segunda parte é baseada no episódio escrito por Steve Peterman & Gary Dontzig
Outras menções de responsabilidade adaptação de Alice Alfonsini
210 ## - Publicação, Distribuição, etc. 
Lugar da edição, distribuição, etc. Lisboa
Nome do editor, distribuidor, etc. Verbo
Data da publicação, distribuição, etc. D. L. 2008
215 ## - Descrição física 
Indicação específica da natureza do documento e extensão da espécie 144 p., [8] p. il color, [4] p
225 2# - Colecção 
Título próprio da colecção O prazer de ler
Nome de uma parte ou secção Hannah Montana
Indicação de volume 2
606 ## - Nome comum usado como assunto
Número de registo de entrada de autoridade 0002097
Palavra de ordem Literatura americana
Subdivisão de assunto Romance
Código do sistema CA
675 ## - Classificação Decimal Universal (CDU)
Notação 821.111(73)-31
Edição 3ª ed.
Língua da edição por
702 #1 - Nome de autor-pessoa física (responsabilidade secundária)
Número de registo de entrada de autoridade 0002245
Palavra de ordem Greenwald
Outra parte do nome não tomada para palavra de ordem Todd J.
Código de função Argumentista (guião) / Autor de diálogo
Número de registo de entrada de autoridade 0002246
Palavra de ordem Peterman
Outra parte do nome não tomada para palavra de ordem Steve
Código de função Argumentista (guião) / Autor de diálogo
Número de registo de entrada de autoridade 0002247
Palavra de ordem Dontzig
Outra parte do nome não tomada para palavra de ordem Gary
Código de função Argumentista (guião) / Autor de diálogo
Número de registo de entrada de autoridade 0001985
Palavra de ordem Alfonsini
Outra parte do nome não tomada para palavra de ordem Alice
Código de função Adaptador
942 ## - Elementos de entrada adicionados (Koha)
Tipo de item no Koha Livro
966 ## - Identificação da Biblioteca
Sigla EB2,3ENM
Exemplares
Situação do levantamento Origin of item (home branch) (coded) Biblioteca de empréstimo Código de barras Cota Circulation type (not for loan) Tipo de documento Nota do exemplar Damaged status
  Biblioteca Escolar Eng. Nuno Mergulhão Biblioteca Escolar Eng. Nuno Mergulhão BENM3459 82LE-3 HAN   Livro Sem mensagem